01013cam a22003734i 4500003000900000005001700009008004100026020002300067020002600090035002000116040003300136082001700169100003100186245008300217264004700300300003600347336002100383337002500404338002300429526001000452526001000462526001000472526001000482526000800492526000800500526000800508526000800516526000800524526000800532526000800540650002500548650002000573650004600593PE-LiUPU20250731172909.0170504s1998 idu r 000 0 eng d a0816316791q(pbk.) a9780816316793q(pbk.) a(Sirsi) a167529 aPE-LiUPUbspacPE-LiUPUerda04a234bN382201 aNelson, Dwight K.,eautor.10aOutrageous grace :bfinding a forever friendship with God /cDwight K. Nelson. 1aNampa, Idaho :bPacific Press Pub.,c1998. a126 páginas ;c18 centimetros atext2rdacontent aunmediated2rdamedia avolume2rdacarrier aSEG42 aSEG41 aSEG40 aSEG39 aP94 aP87 aP86 aP85 aP77 aP76 aP35 0aGracia (Teología). 7aVida cristiana. 7aVida cristiana.2fast0(OCoLC)fst00859185